| 000 | 00565nam a22001697a 4500 | ||
|---|---|---|---|
| 005 | 20260216120224.0 | ||
| 008 | 260216b |||||||| |||| 00| 0 eng d | ||
| 020 | _a9781472949325 (pbk) | ||
| 040 | _cPK-LaUMT | ||
| 082 |
_a658.406 _bAND-T |
||
| 100 |
_aAnderson, Michael _99270 |
||
| 245 |
_aTransforming organizations : _bengaging the 4Cs for powerful organizational learning and change / _cby Michael Anderson and Miranda Jefferson |
||
| 260 |
_aLondon : _bBloomsbury Business, _c2019 |
||
| 300 | _a257 p. | ||
| 650 |
_aOrganizational change _9861 |
||
| 942 | _cBK | ||
| 999 |
_c139765 _d139765 |
||